Super Hard City to State - Statistics

General Stats
  • This quiz has been taken 19 times
  • The average score is 18 of 50
Answer Stats
Hint Answer % Correct
Aspen Colorado
88%
Sioux City Iowa
81%
Kailua-Kona Hawaii
75%
Tyler Texas
69%
Marquette Michigan
63%
Truth or Consequences New Mexico
63%
Dodge City Kansas
56%
Kitty Hawk North Carolina
56%
Walla Walla Washington
56%
Valdosta Georgia
50%
Butler Pennsylvania
50%
Prescott Arizona
44%
Crescent City California
44%
Paducah Kentucky
44%
Branson Missouri
44%
Great Falls Montana
44%
Woonsocket Rhode Island
44%
Ogallala Nebraska
38%
Delaware Ohio
38%
Saratoga Springs Utah
38%
Muscle Shoals Alabama
31%
Russellville Arkansas
31%
New Milford Connecticut
31%
Scarborough Maine
31%
Bemidji Minnesota
31%
Milford New Hampshire
31%
Devils Lake North Dakota
31%
Rock Hill South Carolina
31%
Union City Tennessee
31%
Colchester Vermont
31%
Danville Virginia
31%
Stevens Point Wisconsin
31%
Palmer Alaska
25%
Lake City Florida
25%
Chubbuck Idaho
25%
Westminster Maryland
25%
Winnemunica Nevada
25%
Vineland New Jersey
25%
Plattsburgh New York
25%
Spearfish South Dakota
25%
Jackson Wyoming
25%
Millsboro Delaware
19%
Effingham Illinois
19%
Warsaw Indiana
19%
Bogalusa Louisiana
19%
Petal Mississippi
19%
Guymon Oklahoma
19%
Baker City Oregon
19%
Welch West Virginia
19%
Pittsfield Massachusetts
13%
No matching quizzes found
Score Distribution
Percent of People with Each Score
Percentile by Number Answered
Your Score History
You have not taken this quiz